[Event "Wch Seniors 50 (Women) 29th"]
[Site "Bucharest"]
[Date "2019.11.23"]
[Round "11"]
[White "Monastyrenko, Nataliya"]
[Black "Kasoshvili, Tsiala"]
[Result "0-1"]
[WhiteElo "1053"]
[BlackElo "2033"]
[PlyCount "144"]
[EventDate "2019.11.12"]
[EventType "swiss"]
[EventRounds "11"]
[EventCountry "ROU"]
[SourceTitle "CBM 193 Extra"]
[Source "ChessBase"]
[SourceDate "2020.01.31"]
[SourceVersion "1"]
[SourceVersionDate "2020.01.31"]
[SourceQuality "1"]

1. e4 d6 2. d4 Nf6 3. Nc3 g6 4. Nf3 Bg7 5. h3 0-0 6. Be2 c6 7. 0-0 Qc7 8. Bf4 Nfd7 9. Bg3 e5 10. d5 a5 11. a3 Na6 12. Qd2 Re8 13. Rfd1 Bf8 14. Bh4 f6 15. g4 h6 16. Bg3 Nb6 17. Nh4 Kh7 18. f4 exf4 19. Bf2 g5 20. Nf5 c5 21. Nb5 Qd8 22. Bf3 Nc4 23. Qc1 Ne5 24. Bg2 Nc7 25. c4 Nxb5 26. cxb5 Bd7 27. a4 Qc8 28. Qc2 Qd8 29. Ra3 Be7 30. Bf3 Rg8 31. Kg2 Qe8 32. Rg1 b6 33. Be2 Bf8 34. Qc3 Qf7 35. h4 Bxf5 36. gxf5 g4 37. Be1 Qh5 38. Kh1 Ra7 39. Qd2 f3 40. Bd1 Nc4 41. Qf4 Nxb2 42. Bxf3 gxf3 43. Qxf3 Qxf3+ 44. Rxf3 Rxg1+ 45. Kxg1 Rg7+ 46. Rg3 Re7 47. Rg4 h5 48. Rg6 Nxa4 49. Rxf6 Rxe4 50. Bd2 Kg7 51. Rg6+ Kf7 52. Bg5 Be7 53. Rh6 Bxg5 54. hxg5 Rg4+ 55. Kf2 Rxg5 56. Rxd6 Rxf5+ 57. Kg3 Ke7 58. Rc6 Kd7 59. Rh6 Rxd5 60. Kf4 c4 61. Ke4 Nc3+ 62. Kf4 Rxb5 63. Rh7+ Kc6 64. Rh6+ Kb7 65. Rh7+ Ka6 66. Kf3 Rd5 67. Rh8 a4 68. Rc8 Kb5 69. Rh8 a3 70. Ra8 a2 71. Kf4 Na4 72. Ke4 Rd1 0-1

[Event "Wch Seniors 50 (Women) 28th"]
[Site "Bled"]
[Date "2018.11.28"]
[Round "10"]
[White "Kasoshvili, Tsiala"]
[Black "Krasenkova, Ilena"]
[Result "1-0"]
[WhiteElo "2029"]
[BlackElo "2144"]
[PlyCount "165"]
[EventDate "2018.11.18"]
[EventType "swiss"]
[EventRounds "11"]
[EventCountry "SLO"]
[SourceTitle "CBM 187 Extra"]
[Source "ChessBase"]
[SourceDate "2018.11.04"]
[SourceVersion "1"]
[SourceVersionDate "2018.11.04"]
[SourceQuality "1"]

1. d4 d5 2. c4 e6 3. Nf3 Nf6 4. e3 c5 5. Nc3 cxd4 6. Nxd4 Be7 7. cxd5 exd5 8. Bb5+ Bd7 9. Bxd7+ Qxd7 10. 0-0 0-0 11. Qf3 Nc6 12. Rd1 Bb4 13. Nce2 Rfd8 14. Bd2 Bxd2 15. Rxd2 Ne4 16. Rdd1 g6 17. Qf4 Rac8 18. a3 Ne7 19. h4 Qc7 20. Qxc7 Rxc7 21. Rac1 Rxc1 22. Rxc1 Rd7 23. Nf4 a6 24. Rc2 Kg7 25. Kf1 Kf6 26. Ke2 h6 27. Kd3 Kg7 28. g4 Nf6 29. f3 g5 30. hxg5 hxg5 31. Nfe2 Kg6 32. Ng3 Ne8 33. b3 Nd6 34. Rc5 Kf6 35. Nh5+ Kg6 36. Ng3 Kf6 37. a4 Kg6 38. a5 Kf6 39. Nge2 Kg6 40. Nc3 Ne8 41. Na4 Kf6 42. Nb6 Rd8 43. f4 gxf4 44. exf4 Kg6 45. Rc2 Kg7 46. g5 Kg6 47. Rh2 Nd6 48. Rh6+ Kg7 49. Na4 Ne4 50. Nc3 Nc5+ 51. Ke3 Re8 52. Kf3 Rc8 53. Nce2 Ne4 54. Rb6 Rc7 55. Kg4 Nf2+ 56. Kg3 Ne4+ 57. Kh4 Kh7 58. f5 Rd7 59. Rh6+ Kg8 60. Kg4 Rd6 61. f6 Ng6 62. Nf5 Nxf6+ 63. gxf6 Rxf6 64. Ned4 Ne5+ 65. Kf4 Nd7 66. Rxf6 Nxf6 67. Nd6 Nd7 68. Nxb7 Kf8 69. Kf5 Ke7 70. Nc6+ Ke8 71. Nd6+ Kf8 72. b4 Kg7 73. Ne8+ Kf8 74. Nc7 d4 75. Ke4 Kg7 76. Kxd4 f5 77. Nxa6 Kf6 78. Nc5 Nxc5 79. Kxc5 f4 80. Nd4 Ke7 81. a6 f3 82. Nxf3 Kd7 83. a7 1-0

[Event "Wch Seniors 50 (Women) 28th"]
[Site "Bled"]
[Date "2018.11.27"]
[Round "9"]
[White "Mednikova, Svetlana"]
[Black "Kasoshvili, Tsiala"]
[Result "1/2-1/2"]
[WhiteElo "2099"]
[BlackElo "2029"]
[PlyCount "72"]
[EventDate "2018.11.18"]
[EventType "swiss"]
[EventRounds "11"]
[EventCountry "SLO"]
[SourceTitle "CBM 187 Extra"]
[Source "ChessBase"]
[SourceDate "2018.11.04"]
[SourceVersion "1"]
[SourceVersionDate "2018.11.04"]
[SourceQuality "1"]

1. e4 d5 2. exd5 Qxd5 3. Nc3 Qa5 4. d4 Nf6 5. Nf3 Bf5 6. Ne5 e6 7. g4 Be4 8. Nc4 Qb4 9. a3 Qe7 10. Nxe4 Nxe4 11. Qf3 Nd6 12. Nxd6+ cxd6 13. Bb5+ Kd8 14. Bf4 a6 15. Ba4 d5 16. 0-0-0 b5 17. Bb3 Nc6 18. Rhe1 Qd7 19. g5 Ra7 20. h4 Rb7 21. h5 Bd6 22. Bxd6 Qxd6 23. Qg4 Re7 24. c3 g6 25. Bc2 Kc7 26. Rh1 Ree8 27. Rh4 Ne7 28. hxg6 hxg6 29. Rdh1 Rxh4 30. Rxh4 Nf5 31. Rh7 Re7 32. Kb1 Kb7 33. Rh8 Rd7 34. Rh7 Re7 35. Rh8 Rd7 36. Rh7 f6 1/2-1/2

[Event "Wch Seniors 50 (Women) 28th"]
[Site "Bled"]
[Date "2018.11.21"]
[Round "4"]
[White "Kasoshvili, Tsiala"]
[Black "Fink Nunn, Petra"]
[Result "1-0"]
[WhiteElo "2029"]
[BlackElo "2051"]
[PlyCount "75"]
[EventDate "2018.11.18"]
[EventType "swiss"]
[EventRounds "11"]
[EventCountry "SLO"]
[SourceTitle "CBM 187 Extra"]
[Source "ChessBase"]
[SourceDate "2018.11.04"]
[SourceVersion "1"]
[SourceVersionDate "2018.11.04"]
[SourceQuality "1"]

1. d4 d5 2. Nf3 Nf6 3. c4 e6 4. g3 Bb4+ 5. Bd2 Bd6 6. Nc3 c6 7. Qc2 Nbd7 8. cxd5 exd5 9. Bg2 0-0 10. 0-0 Re8 11. Bg5 h6 12. Bf4 Bxf4 13. gxf4 Nf8 14. Ne5 Nh5 15. e3 Qh4 16. Kh1 g6 17. Rg1 Bf5 18. Qd2 Qe7 19. Bf3 Nf6 20. a3 a5 21. Rac1 N6d7 22. Bg4 Qe6 23. Bxf5 Qxf5 24. Qc2 Qxc2 25. Rxc2 Kg7 26. Na4 Nxe5 27. fxe5 Ne6 28. f4 f5 29. Rcg2 g5 30. fxg5 hxg5 31. Nc5 g4 32. Nxb7 Rh8 33. Rc1 Rab8 34. Nxa5 Rh3 35. Rxc6 Ng5 36. Rc7+ Kg6 37. Nc6 Nf3 38. Nxb8 1-0

[Event "Wch Seniors 50 (Women) 28th"]
[Site "Bled"]
[Date "2018.11.20"]
[Round "3"]
[White "Bogumil, Tatiana"]
[Black "Kasoshvili, Tsiala"]
[Result "1/2-1/2"]
[WhiteElo "2114"]
[BlackElo "2029"]
[PlyCount "21"]
[EventDate "2018.11.18"]
[EventType "swiss"]
[EventRounds "11"]
[EventCountry "SLO"]
[SourceTitle "CBM 187 Extra"]
[Source "ChessBase"]
[SourceDate "2018.11.04"]
[SourceVersion "1"]
[SourceVersionDate "2018.11.04"]
[SourceQuality "1"]

1. Nf3 g6 2. c4 Bg7 3. Nc3 d6 4. d4 c6 5. g3 Nf6 6. Bg2 0-0 7. 0-0 Nbd7 8. e4 e5 9. Re1 Re8 10. Be3 h6 11. h3 1/2-1/2

[Event "Wch Seniors 50 (Women) 26th"]
[Site "Marianske Lazne"]
[Date "2016.11.30"]
[Round "11"]
[White "Kasoshvili, Tsiala"]
[Black "Makropoulou, Marina"]
[Result "1-0"]
[WhiteElo "2117"]
[BlackElo "2119"]
[PlyCount "73"]
[EventDate "2016.11.19"]
[EventType "swiss"]
[EventRounds "11"]
[EventCountry "CZE"]
[SourceTitle "CBM 175 Extra"]
[Source "ChessBase"]
[SourceDate "2016.12.12"]
[SourceVersion "1"]
[SourceVersionDate "2016.12.12"]
[SourceQuality "1"]

1. d4 Nf6 2. Nf3 e6 3. g3 d5 4. Bg2 Be7 5. 0-0 0-0 6. c4 Nbd7 7. Qc2 c6 8. b3 b6 9. Bb2 Ba6 10. Nbd2 Rc8 11. e4 c5 12. e5 Ne8 13. Rfd1 b5 14. cxd5 cxd4 15. Qd3 exd5 16. Qxd4 Nc7 17. Rac1 Nb6 18. Qg4 Ne6 19. Nd4 Nxd4 20. Bxd4 Rxc1 21. Rxc1 Bc8 22. Qe2 Ba3 23. Rd1 Qe7 24. Qxb5 Bd7 25. Qd3 Bg4 26. Re1 Rd8 27. h3 Be6 28. Nf1 Qd7 29. g4 Rc8 30. Ne3 h5 31. f4 hxg4 32. f5 gxh3 33. Bxh3 Qe7 34. fxe6 Qg5+ 35. Ng2 Rc1 36. exf7+ Kxf7 37. Qf5+ 1-0

[Event "Wch Seniors 50 (Women) 26th"]
[Site "Marianske Lazne"]
[Date "2016.11.21"]
[Round "3"]
[White "Berend, Elvira S"]
[Black "Kasoshvili, Tsiala"]
[Result "1-0"]
[WhiteElo "2349"]
[BlackElo "2117"]
[PlyCount "71"]
[EventDate "2016.11.19"]
[EventType "swiss"]
[EventRounds "11"]
[EventCountry "CZE"]
[SourceTitle "CBM 175 Extra"]
[Source "ChessBase"]
[SourceDate "2016.12.12"]
[SourceVersion "1"]
[SourceVersionDate "2016.12.12"]
[SourceQuality "1"]

1. e4 c6 2. d4 g6 3. d5 Nf6 4. Nc3 d6 5. Nf3 Bg7 6. Be2 0-0 7. 0-0 a6 8. a4 a5 9. Nd4 Qc7 10. Be3 Nbd7 11. f4 Nc5 12. Bf3 cxd5 13. Ndb5 Qd8 14. e5 Nfd7 15. Nxd5 dxe5 16. fxe5 Ne6 17. Qe2 Bxe5 18. Rad1 Ra6 19. c3 Ng7 20. Bg5 f6 21. Bh6 Rf7 22. Bf4 Re6 23. Qc4 Rc6 24. Qa2 Bxf4 25. Nxf4 Qb6+ 26. Kh1 Rc5 27. Bd5 e6 28. Bxe6 Nxe6 29. Nxe6 Rc6 30. Ng5 Ne5 31. Nxf7 Nxf7 32. Qd5 Kg7 33. Rde1 Rc5 34. Qd4 Ne5 35. Nd6 Bd7 36. Nxb7 1-0

[Event "Wch Seniors 50 (Women) 26th"]
[Site "Marianske Lazne"]
[Date "2016.11.19"]
[Round "1"]
[White "Baliuniene, Margarita"]
[Black "Kasoshvili, Tsiala"]
[Result "1-0"]
[WhiteElo "1877"]
[BlackElo "2117"]
[PlyCount "102"]
[EventDate "2016.11.19"]
[EventType "swiss"]
[EventRounds "11"]
[EventCountry "CZE"]
[SourceTitle "CBM 175 Extra"]
[Source "ChessBase"]
[SourceDate "2016.12.12"]
[SourceVersion "1"]
[SourceVersionDate "2016.12.12"]
[SourceQuality "1"]

1. d4 g6 2. c4 Bg7 3. Nf3 d6 4. e4 Nf6 5. Nc3 0-0 6. Be2 c6 7. 0-0 a6 8. a4 a5 9. Ne1 Nfd7 10. Be3 Na6 11. Nd3 e5 12. dxe5 dxe5 13. Qd2 Qe7 14. Bh6 Ndc5 15. Bxg7 Kxg7 16. Qe3 Nxd3 17. Bxd3 Be6 18. Qg3 f6 19. b3 Rad8 20. Rad1 Qa3 21. Bc2 Qb2 22. Rxd8 Rxd8 23. Bd1 Nc5 24. Be2 Nxe4 25. Nxe4 Qxe2 26. Qf3 Qxf3 27. gxf3 Bh3 28. Rc1 Rd3 29. Nc5 Rxf3 30. Nxb7 Rxb3 31. Nxa5 Rb6 32. c5 Ra6 33. Nb7 Rxa4 34. Nd8 Rd4 35. Nb7 Kf7 36. f3 Rd2 37. Nd6+ Ke6 38. Ne4 Rg2+ 39. Kf1 Rb2+ 40. Kg1 Bg2 41. Rd1 Bxf3 42. Rd6+ Kf5 43. Nxf6 h5 44. Nd7 e4 45. Rf6+ Kg5 46. Rxc6 e3 47. Rxg6+ Kxg6 48. Ne5+ Kf5 49. Nxf3 Ke4 50. Ne1 Rb1 51. Kf1 Rc1 1-0

[Event "Poti Aleksandria Cup 11th"]
[Site "Poti"]
[Date "2016.07.19"]
[Round "8"]
[White "Mustafin, Andrey"]
[Black "Kasoshvili, Tsiala"]
[Result "1-0"]
[WhiteElo "2315"]
[BlackElo "2178"]
[PlyCount "91"]
[EventDate "2016.07.13"]
[EventType "swiss"]
[EventRounds "9"]
[EventCountry "GEO"]
[SourceTitle "CBM 173 Extra"]
[Source "ChessBase"]
[SourceDate "2016.08.29"]
[SourceVersion "1"]
[SourceVersionDate "2016.08.29"]
[SourceQuality "1"]

1. e4 c6 2. d4 d5 3. e5 g6 4. c4 Be6 5. Qb3 Qb6 6. Nc3 dxc4 7. Bxc4 Bxc4 8. Qxc4 e6 9. Nf3 Ne7 10. 0-0 Na6 11. Bg5 h6 12. Bf6 Rg8 13. a3 Nc7 14. b4 g5 15. Rfd1 Rg6 16. Ne4 Ned5 17. Nfd2 Rb8 18. Qc2 Nb5 19. Nc4 Qa6 20. a4 Nbc7 21. b5 cxb5 22. axb5 Qxa1 23. Rxa1 Nxb5 24. Qa4 a6 25. Ncd6+ Bxd6 26. Nxd6+ Kf8 27. Nxb5 axb5 28. Qxb5 Kg8 29. g3 Rf8 30. Qxb7 Nxf6 31. exf6 Rxf6 32. Qe4 Rf5 33. Ra7 Rd5 34. Ra4 Rc8 35. Kg2 Kg7 36. Ra7 Kg8 37. g4 Rc3 38. h3 Rb3 39. Qc2 Rb8 40. Qc7 Rf8 41. Qe7 Rxd4 42. Qf6 Rd5 43. Qxh6 Rb5 44. Qf6 Rd5 45. Ra3 Rc8 46. h4 1-0

[Event "EU-ch Seniors 50 16th"]
[Site "Yerevan"]
[Date "2016.06.10"]
[Round "6"]
[White "Kasoshvili, Tsiala"]
[Black "Barle, Janez"]
[Result "1/2-1/2"]
[WhiteElo "2176"]
[BlackElo "2308"]
[PlyCount "55"]
[EventDate "2016.06.05"]
[EventType "swiss"]
[EventRounds "9"]
[EventCountry "ARM"]
[SourceTitle "CBM 172 Extra"]
[Source "ChessBase"]
[SourceDate "2016.06.21"]
[SourceVersion "1"]
[SourceVersionDate "2016.06.21"]
[SourceQuality "1"]

1. d4 d5 2. Nf3 Nc6 3. Bf4 Bg4 4. Nbd2 e6 5. e3 Bd6 6. Bxd6 cxd6 7. c4 Nf6 8. cxd5 Nxd5 9. Be2 0-0 10. 0-0 Rc8 11. a3 Qe7 12. Re1 Rfd8 13. Qb3 Rc7 14. Bf1 Nb6 15. a4 Rdc8 16. a5 Nd7 17. h3 Bh5 18. e4 Qf6 19. Qa4 Bxf3 20. Nxf3 e5 21. d5 Nc5 22. Qd1 Nd4 23. Ra3 Nxf3+ 24. Rxf3 Qh6 25. Rc3 Nd7 26. Rxc7 Rxc7 27. Re3 g6 28. Rb3 1/2-1/2

[Event "Wch Seniors 50 (Women) 25th"]
[Site "Acqui Terme"]
[Date "2015.11.20"]
[Round "8"]
[White "Strutinskaya, Galina N"]
[Black "Kasoshvili, Tsiala"]
[Result "1-0"]
[WhiteElo "2227"]
[BlackElo "2174"]
[PlyCount "85"]
[EventDate "2015.11.10"]
[EventType "swiss"]
[EventRounds "11"]
[EventCountry "ITA"]
[SourceTitle "CBM 169 Extra"]
[Source "ChessBase"]
[SourceDate "2015.12.18"]
[SourceVersion "1"]
[SourceVersionDate "2015.12.18"]
[SourceQuality "1"]

1. d4 g6 2. e4 c6 3. Nc3 d5 4. e5 Bg7 5. Be2 f6 6. f4 Nh6 7. Nf3 Be6 8. 0-0 Nd7 9. Kh1 0-0 10. Be3 Qb6 11. b3 Nf7 12. Qd2 Rfd8 13. Nh4 Rac8 14. f5 gxf5 15. Nxf5 Bxf5 16. Rxf5 e6 17. Rh5 fxe5 18. dxe5 c5 19. Bd3 d4 20. Bxh7+ Kf8 21. Rf1 dxe3 22. Qxe3 Qc7 23. Nb5 Qxe5 24. Rxe5 Ndxe5 25. Nxa7 Rc7 26. Nb5 Rc6 27. Be4 Rcc8 28. Bxb7 Rb8 29. Qxc5+ Kg8 30. Qc7 Bh6 31. g3 Be3 32. a4 Nd7 33. a5 Nfe5 34. a6 Bb6 35. Qd6 Re8 36. Re1 Bc5 37. Qc7 Bb6 38. Qc3 Ng4 39. Qd2 Ndf6 40. Qg5+ Kh8 41. Nd6 Re7 42. Nc8 Rh7 43. Nxb6 1-0

[Event "Poti Aleksandria Cup 10th"]
[Site "Poti"]
[Date "2015.07.19"]
[Round "8"]
[White "Kasoshvili, Tsiala"]
[Black "Morchiashvili, Bachana"]
[Result "0-1"]
[WhiteElo "2178"]
[BlackElo "2332"]
[PlyCount "146"]
[EventDate "2015.07.13"]
[EventType "swiss"]
[EventRounds "9"]
[EventCountry "GEO"]
[SourceTitle "CBM 167 Extra"]
[Source "ChessBase"]
[SourceDate "2015.09.14"]
[SourceVersion "1"]
[SourceVersionDate "2015.09.14"]
[SourceQuality "1"]

1. d4 Nf6 2. Nf3 g6 3. c4 Bg7 4. g3 0-0 5. Bg2 d6 6. Nc3 Nbd7 7. 0-0 e5 8. h3 c6 9. dxe5 dxe5 10. Be3 Qe7 11. Rb1 a5 12. Qa4 Ra6 13. Nd2 Re8 14. Nb3 Qd8 15. Rfd1 Qc7 16. c5 Bf8 17. Qh4 Be7 18. Bg5 Kg7 19. Ne4 Nxe4 20. Bxe7 f6 21. Qxe4 Rxe7 22. Rbc1 Nf8 23. Qa4 Be6 24. Nd2 f5 25. e4 Ra8 26. exf5 gxf5 27. Nc4 Bxc4 28. Qxc4 Rd8 29. Rxd8 Qxd8 30. Qc2 Rf7 31. Qc3 Qd4 32. Qc2 Ne6 33. h4 f4 34. Qc3 fxg3 35. Qxg3+ Kh8 36. Qe3 Nf4 37. Qxd4 exd4 38. Bf1 Kg7 39. Rd1 Rd7 40. Bc4 Kf6 41. Kh2 d3 42. Kg3 Ke5 43. Kf3 Rd4 44. b3 a4 45. Re1+ Kf5 46. Rd1 h5 47. Ke3 Re4+ 48. Kf3 Ke5 49. Bxd3 Nxd3 50. Rxd3 Rxh4 51. Kg3 Rg4+ 52. Kh3 Rd4 53. Rg3 Rd2 54. bxa4 Rxf2 55. Rg7 Rxa2 56. Rxb7 Rxa4 57. Rh7 Rc4 58. Rxh5+ Kd4 59. Kg3 Rxc5 60. Rh8 Rf5 61. Rd8+ Kc4 62. Kg4 Rf1 63. Rd7 c5 64. Kg3 Kc3 65. Kg2 Rf8 66. Kg1 c4 67. Rc7 Kd3 68. Rd7+ Kc2 69. Kg2 c3 70. Rd6 Kc1 71. Rd7 c2 72. Rd6 Rb8 73. Kf2 Kb1 0-1

[Event "Poti Aleksandria Cup 10th"]
[Site "Poti"]
[Date "2015.07.13"]
[Round "1"]
[White "Paichadze, Luka"]
[Black "Kasoshvili, Tsiala"]
[Result "1-0"]
[WhiteElo "2566"]
[BlackElo "2178"]
[PlyCount "65"]
[EventDate "2015.07.13"]
[EventType "swiss"]
[EventRounds "9"]
[EventCountry "GEO"]
[SourceTitle "CBM 167 Extra"]
[Source "ChessBase"]
[SourceDate "2015.09.14"]
[SourceVersion "1"]
[SourceVersionDate "2015.09.14"]
[SourceQuality "1"]

1. e4 c6 2. d4 d5 3. e5 g6 4. c4 Bg7 5. Nc3 Nh6 6. h3 0-0 7. Nf3 f6 8. Be2 Na6 9. cxd5 cxd5 10. Bf4 Nf7 11. exf6 exf6 12. Qb3 Re8 13. 0-0 Re7 14. Rfe1 Be6 15. Bf1 Bf8 16. Re3 Qa5 17. Rae1 Nd8 18. Bb5 Nc7 19. Bd6 Kf7 20. Bxe7 Bxe7 21. Bd7 Bb4 22. a3 Bxc3 23. Qxc3 Qb6 24. Qc5 Rb8 25. Ng5+ fxg5 26. Rf3+ Bf5 27. Qe7+ Kg8 28. Bxf5 gxf5 29. Qxg5+ Kh8 30. Rg3 Qg6 31. Qe7 Nc6 32. Qxc7 Qh5 33. Qg7# 1-0

[Event "EU-ch (Women) 16th"]
[Site "Chakvi"]
[Date "2015.05.30"]
[Round "11"]
[White "Kasoshvili, Tsiala"]
[Black "Hojjatova, Aydan Hikmat Qizi"]
[Result "1-0"]
[WhiteElo "2179"]
[BlackElo "2168"]
[PlyCount "73"]
[EventDate "2015.05.19"]
[EventType "swiss"]
[EventRounds "11"]
[EventCountry "GEO"]
[SourceTitle "CBM 166 Extra"]
[Source "ChessBase"]
[SourceDate "2015.06.18"]
[SourceVersion "1"]
[SourceVersionDate "2015.06.18"]
[SourceQuality "1"]

1. d4 d6 2. Nf3 Nf6 3. c4 g6 4. Nc3 Bg7 5. g3 0-0 6. Bg2 Nc6 7. h3 Bf5 8. 0-0 Ne4 9. Nxe4 Bxe4 10. Be3 Qd7 11. Kh2 Rad8 12. Qd2 d5 13. c5 Bxf3 14. exf3 e5 15. dxe5 Bxe5 16. Rfd1 Bg7 17. Rac1 Rfe8 18. h4 d4 19. Bg5 f6 20. Bf4 Kh8 21. Bf1 a6 22. Bd3 Re7 23. Kg2 Rde8 24. b4 f5 25. h5 g5 26. Bxg5 Rf7 27. Bf4 Ne5 28. Bxe5 Bxe5 29. c6 bxc6 30. Qc2 Rf6 31. Re1 Re7 32. Qc5 Bd6 33. Qxd4 Kg7 34. Rxe7+ Qxe7 35. Bxf5 Kg8 36. Qg4+ Kf8 37. Rxc6 1-0

[Event "EU-ch (Women) 16th"]
[Site "Chakvi"]
[Date "2015.05.24"]
[Round "6"]
[White "Gvetadze, Sofio"]
[Black "Kasoshvili, Tsiala"]
[Result "1-0"]
[WhiteElo "2319"]
[BlackElo "2179"]
[PlyCount "85"]
[EventDate "2015.05.19"]
[EventType "swiss"]
[EventRounds "11"]
[EventCountry "GEO"]
[SourceTitle "CBM 166 Extra"]
[Source "ChessBase"]
[SourceDate "2015.06.18"]
[SourceVersion "1"]
[SourceVersionDate "2015.06.18"]
[SourceQuality "1"]

1. e4 c6 2. d4 g6 3. Nc3 Bg7 4. h3 Nf6 5. e5 Nd5 6. Nxd5 cxd5 7. Bf4 Qb6 8. Rb1 Nc6 9. c3 0-0 10. Nf3 d6 11. exd6 exd6 12. Bd3 Re8+ 13. Be3 Ne7 14. 0-0 h6 15. Qd2 Kh7 16. Rfe1 Be6 17. Nh2 Ng8 18. Re2 Qd8 19. Rbe1 Qd7 20. Bf4 a6 21. f3 Rad8 22. g4 Re7 23. h4 Kh8 24. Re3 Rde8 25. Qg2 Rd8 26. R1e2 Bf8 27. Qg3 Bg7 28. Qe1 Rde8 29. Nf1 Bf6 30. Qg3 Rd8 31. g5 Bg7 32. h5 gxh5 33. Qh4 Bf8 34. Ng3 Rde8 35. Qxh5 f5 36. gxh6 Bf7 37. Rxe7 Rxe7 38. Rxe7 Qxe7 39. Qxf5 Be6 40. Qh5 Qf6 41. Bg5 Qf7 42. Bg6 Qd7 43. h7 1-0

[Event "EU-ch (Women) 16th"]
[Site "Chakvi"]
[Date "2015.05.19"]
[Round "1"]
[White "Kasoshvili, Tsiala"]
[Black "Savina, Anastasia"]
[Result "0-1"]
[WhiteElo "2179"]
[BlackElo "2417"]
[PlyCount "66"]
[EventDate "2015.05.19"]
[EventType "swiss"]
[EventRounds "11"]
[EventCountry "GEO"]
[SourceTitle "CBM 166 Extra"]
[Source "ChessBase"]
[SourceDate "2015.06.18"]
[SourceVersion "1"]
[SourceVersionDate "2015.06.18"]
[SourceQuality "1"]

1. d4 g6 2. Nf3 Bg7 3. c4 c5 4. Nc3 d6 5. g3 cxd4 6. Nxd4 Nc6 7. Nb3 Be6 8. Nd5 Ne5 9. Nd2 Nf6 10. Bg2 Nxd5 11. cxd5 Bf5 12. 0-0 0-0 13. Nb3 Qd7 14. Re1 Rac8 15. Nd4 Bh3 16. Bh1 Rc4 17. e3 Rfc8 18. Qb3 Ng4 19. Ne2 g5 20. e4 h6 21. Bd2 Qc7 22. Rac1 Qc5 23. Be3 Nxe3 24. fxe3 Rxc1 25. Nxc1 Qxc1 26. Rxc1 Rxc1+ 27. Kf2 Rxh1 28. Qxb7 Rxh2+ 29. Ke1 Rxb2 30. Qxe7 Be5 31. Qxa7 Bg4 32. Qa8+ Kg7 33. Qa3 Bxg3+ 0-1

[Event "EU-ch Seniors 50 15th"]
[Site "Eretria"]
[Date "2015.05.05"]
[Round "7"]
[White "Kasoshvili, Tsiala"]
[Black "Fernandes, Antonio ETG"]
[Result "1/2-1/2"]
[WhiteElo "2179"]
[BlackElo "2369"]
[PlyCount "81"]
[EventDate "2015.04.29"]
[EventType "swiss"]
[EventRounds "9"]
[EventCountry "GRE"]
[SourceTitle "CBM 166 Extra"]
[Source "ChessBase"]
[SourceDate "2015.06.18"]
[SourceVersion "1"]
[SourceVersionDate "2015.06.18"]
[SourceQuality "1"]

1. d4 Nf6 2. Nf3 g6 3. g3 c5 4. c4 cxd4 5. Nxd4 d5 6. Bg2 e5 7. Nc2 d4 8. 0-0 Nc6 9. e4 Be6 10. Nd2 Bg7 11. h3 0-0 12. b3 Nd7 13. Ne1 a5 14. Nd3 Nb4 15. Nf3 Nxd3 16. Qxd3 Nc5 17. Qe2 Qc7 18. Ba3 Rfd8 19. Rfd1 Bf8 20. Bxc5 Bxc5 21. Ne1 b6 22. Nd3 f6 23. Kh2 Ra7 24. a4 Bd6 25. Rf1 g5 26. Bf3 Qc8 27. Bg4 Re8 28. Qf3 Rf8 29. Rae1 Bxg4 30. hxg4 Re7 31. Kg2 Bb4 32. Rd1 h6 33. Rh1 Rh7 34. Rh5 Kg7 35. Qe2 Bd6 36. Rc1 Bc5 37. Rf1 Bd6 38. Rfh1 Re8 39. Qf3 Qe6 40. Qf5 Rhh8 41. Qxe6 1/2-1/2

[Event "EU-ch Seniors 50 15th"]
[Site "Eretria"]
[Date "2015.05.02"]
[Round "4"]
[White "Bellia, Fabrizio"]
[Black "Kasoshvili, Tsiala"]
[Result "1-0"]
[WhiteElo "2419"]
[BlackElo "2179"]
[PlyCount "105"]
[EventDate "2015.04.29"]
[EventType "swiss"]
[EventRounds "9"]
[EventCountry "GRE"]
[SourceTitle "CBM 166 Extra"]
[Source "ChessBase"]
[SourceDate "2015.06.18"]
[SourceVersion "1"]
[SourceVersionDate "2015.06.18"]
[SourceQuality "1"]

1. e4 d5 2. exd5 Qxd5 3. Nc3 Qd8 4. d4 e6 5. Nf3 Nf6 6. g3 Be7 7. Bg2 0-0 8. 0-0 Nbd7 9. Qe2 Nb6 10. Rd1 Nbd5 11. Ne5 Nxc3 12. bxc3 Nd5 13. Bb2 c6 14. c4 Nb6 15. a4 a5 16. c5 Nd5 17. c4 Nb4 18. Bc3 f6 19. Nf3 b6 20. cxb6 Qxb6 21. Nd2 Ra7 22. Nb3 Nd5 23. Be1 Nb4 24. Bh3 f5 25. Rab1 c5 26. Bc3 Qc6 27. Nxc5 Bxc5 28. Bg2 Qxa4 29. dxc5 Raf7 30. f4 Bd7 31. Rd2 Bc8 32. c6 Qa3 33. Be5 Re8 34. c7 Na6 35. Bd6 Qa4 36. c5 Nxc7 37. Qe5 Nd5 38. Ra1 Qb5 39. Rb2 Qd3 40. Bf1 Qf3 41. Be2 Qc3 42. Rb8 Qxe5 43. Bxe5 Ra7 44. Bb5 Rd8 45. c6 Kf7 46. h4 g6 47. Bd4 Rc7 48. Rxa5 Ne7 49. Bb6 Rd1+ 50. Kf2 Nxc6 51. Bxc7 Nxb8 52. Bxb8 Rd5 53. Ra7+ 1-0

[Event "Wch Seniors (Women) 24th"]
[Site "Katerini"]
[Date "2014.10.31"]
[Round "7"]
[White "Saunina, Ludmila"]
[Black "Kasoshvili, Tsiala"]
[Result "1/2-1/2"]
[WhiteElo "2190"]
[BlackElo "2161"]
[PlyCount "194"]
[EventDate "2014.10.24"]
[EventType "swiss"]
[EventRounds "11"]
[EventCountry "GRE"]
[SourceTitle "EXT 2015"]
[Source "ChessBase"]
[SourceDate "2014.11.20"]
[SourceVersion "1"]
[SourceVersionDate "2014.11.20"]
[SourceQuality "1"]

1. e4 d5 2. exd5 Qxd5 3. Nc3 Qd8 4. d4 Nf6 5. Bc4 e6 6. Nf3 Be7 7. 0-0 0-0 8. Re1 Nbd7 9. Bg5 Nb6 10. Bb3 c6 11. a4 a5 12. Qe2 Nbd5 13. Ne4 Nxe4 14. Bxe7 Qxe7 15. Qxe4 Qb4 16. Ne5 Nf6 17. Qe3 Rd8 18. Rad1 Bd7 19. Nd3 Qe7 20. c3 Be8 21. f4 Qc7 22. Qf3 b6 23. Re5 Nd7 24. Ree1 c5 25. dxc5 bxc5 26. Qe4 Nb6 27. Ne5 c4 28. Bc2 g6 29. Kh1 Qc5 30. h4 Qf2 31. Nf3 Nxa4 32. Rxd8 Rxd8 33. Bxa4 Bxa4 34. Qxc4 Be8 35. Qe2 Qb6 36. Ne5 Rb8 37. Ng4 Qxb2 38. Nf6+ Kf8 39. Qe5 Bc6 40. Nxh7+ Kg8 41. Nf6+ Kf8 42. Qd6+ Kg7 43. Qxc6 Kxf6 44. Qc7 Rb5 45. Qd8+ Kg7 46. Qd4+ Kh7 47. Kh2 Rd5 48. Qf6 Rf5 49. Qd4 a4 50. Qxa4 Qxc3 51. Qe4 Qd2 52. Kg3 e5 53. fxe5 Qf2+ 54. Kg4 Qd2 55. g3 Rf2 56. Qe3 Qa2 57. e6 Qc4+ 58. Kh3 Qxe6+ 59. Qxe6 fxe6 60. Rxe6 Kg7 61. Kg4 Ra2 62. Re4 Ra5 63. Rb4 Rc5 64. Kf4 Rf5+ 65. Ke4 Ra5 66. g4 Rc5 67. g5 Ra5 68. Kf4 Rc5 69. Kg4 Rc1 70. Rb7+ Kg8 71. Kf4 Rc5 72. Re7 Ra5 73. Re5 Ra4+ 74. Re4 Ra5 75. Kg4 Ra1 76. Kf4 Ra5 77. Re6 Kg7 78. Rd6 Rf5+ 79. Ke4 Ra5 80. Rd5 Ra7 81. Ke5 Re7+ 82. Kd4 Ra7 83. Rc5 Re7 84. Rc6 Rd7+ 85. Ke5 Re7+ 86. Kd5 Re1 87. Re6 Rd1+ 88. Ke5 Re1+ 89. Kd6 Rd1+ 90. Kc5 Rc1+ 91. Kd5 Rd1+ 92. Kc4 Rc1+ 93. Kd3 Rd1+ 94. Kc3 Rc1+ 95. Kd4 Rd1+ 96. Ke5 Re1+ 97. Kd5 Rd1+ 1/2-1/2